Indian economics (Record no. 1323984)

MARC details
000 -LEADER
fixed length control field 00582nam a2200217Ia 4500
005 - DATE AND TIME OF LATEST TRANSACTION
control field 20250508150517.0
008 - FIXED-LENGTH DATA ELEMENTS--GENERAL INFORMATION
fixed length control field 008 250505s9999 xx 000 0 eng d
037 ## - SOURCE OF ACQUISITION
Stock number Textual
040 ## - CATALOGING SOURCE
Original cataloging agency FEDL
Language of cataloging eng
Transcribing agency FEDL
041 ## - LANGUAGE CODE
Language code of text/sound track or separate title eng
Source of code eng
084 ## - COLON CLASSIFICATION NUMBER
Classification number 330.954, DEW
Assigning agency FEDL
100 ## - MAIN ENTRY--PERSONAL NAME
Personal name Dewett Kewal Krishan
9 (RLIN) 151441
245 #0 - TITLE STATEMENT
Title Indian economics
250 ## - EDITION STATEMENT
Edition statement 3
260 ## - PUBLICATION, DISTRIBUTION, ETC.
Place of publication, distribution, etc. Delhi, India
Name of publisher, distributor, etc. Premier Publishing Co.
300 ## - PHYSICAL DESCRIPTION
Extent xi,806p
650 ## - SUBJECT ADDED ENTRY--TOPICAL TERM
Topical term or geographic name entry element Economics
700 ## - ADDED ENTRY--PERSONAL NAME
Personal name Gurucharan Singh
9 (RLIN) 756867
942 ## - ADDED ENTRY ELEMENTS (KOHA)
Koha item type Textual
Classification part 330.954, DEW
Holdings
Withdrawn status Lost status Damaged status Not for loan Home library Current library Date acquired Total Checkouts Full call number Barcode Date last seen Price effective from Koha item type
        Department of Education Library Department of Education Library 2025-05-08   330.954, DEW EL0003095 2025-05-08 2025-05-08 Textual
Copyright @ Delhi University Library System